<?xml version="1.0" encoding="UTF-8"?>
<record
    xmlns:xsi="http://www.w3.org/2001/XMLSchema-instance"
    xsi:schemaLocation="http://www.loc.gov/MARC21/slim http://www.loc.gov/standards/marcxml/schema/MARC21slim.xsd"
    xmlns="http://www.loc.gov/MARC21/slim">

  <leader>02057cam a22003254a 4500</leader>
  <controlfield tag="001">12297426</controlfield>
  <controlfield tag="003">OSt</controlfield>
  <controlfield tag="005">20231019121227.0</controlfield>
  <controlfield tag="008">010202s1999    stka     f    001 0 eng  </controlfield>
  <datafield tag="010" ind1=" " ind2=" ">
    <subfield code="a">  2001266957</subfield>
  </datafield>
  <datafield tag="020" ind1=" " ind2=" ">
    <subfield code="a">0443102732</subfield>
  </datafield>
  <datafield tag="020" ind1=" " ind2=" ">
    <subfield code="a">9780443102738</subfield>
  </datafield>
  <datafield tag="040" ind1=" " ind2=" ">
    <subfield code="a">WIUC - GH</subfield>
    <subfield code="c">WIUC - GH</subfield>
    <subfield code="d">DLC</subfield>
  </datafield>
  <datafield tag="042" ind1=" " ind2=" ">
    <subfield code="a">pcc</subfield>
  </datafield>
  <datafield tag="050" ind1="0" ind2="0">
    <subfield code="a">RD732.5</subfield>
    <subfield code="b">.M375 </subfield>
  </datafield>
  <datafield tag="082" ind1="0" ind2="0">
    <subfield code="a">617.1/5</subfield>
    <subfield code="2">21</subfield>
  </datafield>
  <datafield tag="100" ind1="1" ind2=" ">
    <subfield code="a">McRae, Ronald.</subfield>
    <subfield code="9">2593</subfield>
  </datafield>
  <datafield tag="245" ind1="1" ind2="0">
    <subfield code="a">Pocketbook of orthopaedics and fractures /</subfield>
    <subfield code="c">Ronald McRae.</subfield>
  </datafield>
  <datafield tag="246" ind1="3" ind2="0">
    <subfield code="a">Orthopaedics and fractures</subfield>
  </datafield>
  <datafield tag="250" ind1=" " ind2=" ">
    <subfield code="a">2nd ed</subfield>
  </datafield>
  <datafield tag="260" ind1=" " ind2=" ">
    <subfield code="a">Edinburgh ;</subfield>
    <subfield code="a">New York :</subfield>
    <subfield code="b">Churchill Livingstone,</subfield>
    <subfield code="c">2006</subfield>
  </datafield>
  <datafield tag="300" ind1=" " ind2=" ">
    <subfield code="a">viii, 552 p. :</subfield>
    <subfield code="b">ill., index ;</subfield>
    <subfield code="c">19 cm.</subfield>
  </datafield>
  <datafield tag="500" ind1=" " ind2=" ">
    <subfield code="a">Includes index.</subfield>
  </datafield>
  <datafield tag="505" ind1=" " ind2=" ">
    <subfield code="a">Contents: 1. Orthopaedic examination: General principles -- Segmental and peripheral nerves -- The cervical spine -- the shoulder -- the elbow -- the wrist -- The hand -- The thoracic and lumbar spine -- The hip -- The knee -- the tibia -- The ankle -- The foot -- 2. Fractures and dislocations: Fractures: basic terminology -- The diagnosis of fractures and the principles of treatment -- Closed reduction and fixation of fractures -- Open fractures/gunshot wounds/internal fixation -- Fracture healing/complications/pathological fractures -- Regional injuries: the shoulder girdle and humerus -- Regional injuries: the elbow -- Regional injuries:the forearm bones -- Regional injuries: the wrist and hand -- Regional injuries: the spine -- Regional injuries: fractures of the pelvis, hip and femoral neck -- Regional injuries: fractures of femur and injuries about the knee -- Regional injuries: fractures of the tibia -- Regional injuries: the ankle -- Regional injuries: the foot -- The fracture clinic.</subfield>
  </datafield>
  <datafield tag="650" ind1=" " ind2="0">
    <subfield code="a">Orthopedics</subfield>
    <subfield code="v">Handbooks, manuals, etc.</subfield>
    <subfield code="9">2594</subfield>
  </datafield>
  <datafield tag="650" ind1=" " ind2="0">
    <subfield code="a">Fractures</subfield>
    <subfield code="v">Handbooks, manuals, etc.</subfield>
    <subfield code="9">2595</subfield>
  </datafield>
  <datafield tag="906" ind1=" " ind2=" ">
    <subfield code="a">7</subfield>
    <subfield code="b">cbc</subfield>
    <subfield code="c">orignew</subfield>
    <subfield code="d">2</subfield>
    <subfield code="e">ncip</subfield>
    <subfield code="f">20</subfield>
    <subfield code="g">y-gencatlg</subfield>
  </datafield>
  <datafield tag="942" ind1=" " ind2=" ">
    <subfield code="2">lcc</subfield>
    <subfield code="c">BK</subfield>
  </datafield>
  <datafield tag="999" ind1=" " ind2=" ">
    <subfield code="c">10136</subfield>
    <subfield code="d">17636</subfield>
  </datafield>
  <datafield tag="952" ind1=" " ind2=" ">
    <subfield code="0">0</subfield>
    <subfield code="1">0</subfield>
    <subfield code="2">lcc</subfield>
    <subfield code="4">0</subfield>
    <subfield code="7">0</subfield>
    <subfield code="a">WIUC-KL</subfield>
    <subfield code="b">WIUC-KL</subfield>
    <subfield code="c">NURS L.</subfield>
    <subfield code="d">2023-06-05</subfield>
    <subfield code="o">RD732.5.M37(2e)</subfield>
    <subfield code="p">KSN/1250/197/23</subfield>
    <subfield code="r">2023-10-19 00:00:00</subfield>
    <subfield code="t">1</subfield>
    <subfield code="w">2023-10-19</subfield>
    <subfield code="y">BK</subfield>
  </datafield>
  <datafield tag="952" ind1=" " ind2=" ">
    <subfield code="0">0</subfield>
    <subfield code="1">0</subfield>
    <subfield code="2">lcc</subfield>
    <subfield code="4">0</subfield>
    <subfield code="7">0</subfield>
    <subfield code="a">WIUC-KL</subfield>
    <subfield code="b">WIUC-KL</subfield>
    <subfield code="c">NURS L.</subfield>
    <subfield code="d">2023-06-05</subfield>
    <subfield code="o">RD732.5.M371(2e)</subfield>
    <subfield code="p">KSN/1249/196/23</subfield>
    <subfield code="r">2023-10-19 00:00:00</subfield>
    <subfield code="t">2</subfield>
    <subfield code="w">2023-10-19</subfield>
    <subfield code="y">BK</subfield>
  </datafield>
</record>
